Central Library OPAC University of Rajshahi

Industrial management / (Record no. 55621)

MARC details
000 -LEADER
fixed length control field 00631nam a2200229 a 4500
001 - CONTROL NUMBER
control field 55621
003 - CONTROL NUMBER IDENTIFIER
rucl marc code BD-RjUL
005 - DATE AND TIME OF LATEST TRANSACTION
control field 20211209080306.0
008 - FIXED-LENGTH DATA ELEMENTS--GENERAL INFORMATION
fixed length control field 161120s1966 ii | | 100 0 eng
035 ## - SYSTEM CONTROL NUMBER
System control number (BD-RjUL)55744
040 ## - CATALOGING SOURCE
Original cataloging agency DLC
Transcribing agency DLC
Modifying agency m.c
-- UkOxU
-- BD-RjUL
Language of cataloging eng
041 ## - LANGUAGE CODE
Language code of text/sound track or separate title eng
082 ## - DEWEY DECIMAL CLASSIFICATION NUMBER
Edition number 23
Classification number 658
Author mark and year AHI 1966
100 ## - MAIN ENTRY--PERSONAL NAME
Personal name Ahmed, Rafiq
9 (RLIN) 165703
245 10 - TITLE STATEMENT
Title Industrial management /
Statement of responsibility, etc. Rafiq Ahmed
250 ## - EDITION STATEMENT
Edition statement 1st ed.
260 ## - PUBLICATION, DISTRIBUTION, ETC. (IMPRINT)
Place of publication, distribution, etc. Hyderabad :
Name of publisher, distributor, etc. Dawn book house,
Date of publication, distribution, etc. 1966.
300 ## - PHYSICAL DESCRIPTION
Pagination 255 +86 p. :
Illustrations ill. ;
Size 20 cm.
504 ## - BIBLIOGRAPHY, ETC. NOTE
Bibliography, etc Includes bibliography
650 ## - SUBJECT ADDED ENTRY--TOPICAL TERM
Topical term or geographic name as entry element Industrial management
9 (RLIN) 165710
942 ## - ADDED ENTRY ELEMENTS (KOHA)
Source of classification or shelving scheme Dewey Decimal Classification
Koha item type Books
Holdings
Lost status Source of classification or shelving scheme Damaged status Not for loan Collection code Permanent Location Current Location Shelving location Date acquired Source of acquisition Cost, normal purchase price Total Checkouts Full call number Date last seen Copy number Koha item type
  Dewey Decimal Classification     Non-fiction Central Library, University of Rajshahi Central Library, University of Rajshahi   16/05/1967 University book agencies 8.00   658 AHI 1966 20/11/2016 C-2 Books
  Dewey Decimal Classification     Non-fiction Central Library, University of Rajshahi Central Library, University of Rajshahi   20/05/1969 General Agencies 8.00   658 AHI 1966 10/04/2019 C-3 Books
  Dewey Decimal Classification   Not For Loan Non-fiction Central Library, University of Rajshahi Central Library, University of Rajshahi Reading Room 16/05/1967 University book agencies 8.00   658 AHI 1966 10/04/2019 C-1 Books
  Dewey Decimal Classification     Non-fiction Central Library, University of Rajshahi Central Library, University of Rajshahi General Stacks 16/05/1967 University book agencies 8.00   658 AHI 1966 10/04/2019 C-4 Books
  Dewey Decimal Classification     Non-fiction Central Library, University of Rajshahi Central Library, University of Rajshahi   16/04/2019       658 AHI 1966 16/04/2019 C-5 Books
  Dewey Decimal Classification     Non-fiction Central Library, University of Rajshahi Central Library, University of Rajshahi   16/04/2019       658 AHI 1966 16/04/2019 C-6 Books
  Dewey Decimal Classification     Non-fiction Central Library, University of Rajshahi Central Library, University of Rajshahi   16/04/2019       658 AHI 1966 16/04/2019 C-7 Books
  Dewey Decimal Classification     Non-fiction Central Library, University of Rajshahi Central Library, University of Rajshahi   17/04/2019       658 AHI 1966 17/04/2019 C-8 Books
  Dewey Decimal Classification     Non-fiction Central Library, University of Rajshahi Central Library, University of Rajshahi General Stacks 20/05/1967 Karachi : General Agencies 8.00   658 AHI 1966 12/01/2025 C-9 Books